| 000 | 01448nam a2200349 a 4500 | ||
|---|---|---|---|
| 001 | ebr10498872 | ||
| 003 | CaPaEBR | ||
| 006 | m u | ||
| 007 | cr cn||||||||| | ||
| 008 | 070516s2006 nyuab sb 001 0 eng d | ||
| 010 | _z 2007310301 | ||
| 020 | _z1932714170 | ||
| 020 | _z9781932714173 | ||
| 020 | _z9781611210156 (e-book) | ||
| 040 |
_aCaPaEBR _cCaPaEBR |
||
| 035 | _a(OCoLC)748403167 | ||
| 043 |
_an-us-nc _an-us--- |
||
| 050 | 1 | 4 |
_aE477.7 _b.W73 2006eb |
| 082 | 0 | 4 |
_a973.7/38 _222 |
| 100 | 1 |
_aWittenberg, Eric J., _d1961- |
|
| 245 | 1 | 4 |
_aThe battle of Monroe's Crossroads _h[electronic resource] : _band the Civil War's final campaign / _cEric J. Wittenberg. |
| 260 |
_aNew York : _bSavas Beatie, _cc2006. |
||
| 300 |
_axxiv, 336 p. : _bill., maps. |
||
| 504 | _aIncludes bibliographical references (p. [301]-322) and index. | ||
| 533 |
_aElectronic reproduction. _bPalo Alto, Calif. : _cebrary, _d2011. _nAvailable via World Wide Web. _nAccess may be limited to ebrary affiliated libraries. |
||
| 650 | 0 | _aMonroe's Crossroads, Battle of, N.C., 1865. | |
| 651 | 0 |
_aNorth Carolina _xHistory _yCivil War, 1861-1865 _xCavalry operations. |
|
| 651 | 0 |
_aUnited States _xHistory _yCivil War, 1861-1865 _xCavalry operations. |
|
| 655 | 7 |
_aElectronic books. _2local |
|
| 710 | 2 | _aebrary, Inc. | |
| 856 | 4 | 0 |
_uhttp://site.ebrary.com/lib/rucke/Doc?id=10498872 _zAn electronic book accessible through the World Wide Web; click to view |
| 999 |
_c132375 _d132375 |
||